Builders of modern India : (Record no. 143208)

MARC details
000 -LEADER
fixed length control field 00613nam a22001937a 4500
005 - DATE AND TIME OF LATEST TRANSACTION
control field 20170809162113.0
010 ## - LCCN (DPL NO)
LC control number ENG-119603
020 ## - INTERNATIONAL STANDARD BOOK NUMBER
International Standard Book Number 9788123019963
Terms of availability 130.00
035 ## - SYSTEM CONTROL NUMBER
System control number EN-103135
037 ## - SOURCE OF ACQUISITION
Source of stock number/acquisition DBAD/PUB
082 ## - DEWEY DECIMAL CLASSIFICATION NUMBER
Classification number 921
100 ## - MAIN ENTRY--PERSONAL NAME
Personal name Bose,S.K.
245 ## - TITLE STATEMENT
Title Builders of modern India :
Statement of responsibility, etc by S.K. Bose
Remainder of title Bankim Chandra Chatterji /
260 ## - PUBLICATION, DISTRIBUTION, ETC. (IMPRINT)
Place of publication, distribution, etc New Delhi
Name of publisher, distributor, etc Publications Division
Date of publication, distribution, etc 2015
270 ## - ADDRESS
Address Soochna Bhawan, CGO Complex, Lodhi Road. New Delhi-110003
300 ## - PHYSICAL DESCRIPTION
Extent 154p
Dimensions 23cm.(pbk)
500 ## - GENERAL NOTE
General note Includes bibliographical references and index
942 ## - ADDED ENTRY ELEMENTS (KOHA)
Source of classification or shelving scheme Dewey Decimal Classification
Item type English Books
Classification part 921
Call number suffix CHA
Holdings
Withdrawn status Lost status Not for loan Collection code Home library Current library Date acquired Source of acquisition Cost, normal purchase price Full call number Barcode Copy number Cost, replacement price Koha item type
    Not For Loan Non-fiction D.B.Act.Division Bawana 09/08/2017 DBAD/PUB 130.00 921 CHA EN-103135 1 130.00 English Books

© Delhi Public Library
Hit Counter
free hit counter